000 00491nam a2200193Ia 4500
003 OSt
005 20230330115345.0
008 210423s2000 xx 000 0 und d
040 _cAL
041 _aeng
082 _223
_a658.406 DRUP
100 _aDRUCKER (Peter F).
_979714
245 _aManaging in a time of great change.
260 _aOxford
_bButterworth Heinemann
_c2000
300 _axii,317
365 _cINR
906 _achange. ; great ; Managing ; time
942 _2ddc
_cBK
999 _c155158
_d155158